Management des organisations théories, concepts, performances

Salvato in:
Dettagli Bibliografici
Autore principale: Plane, Jean-Michel
Natura: Libro
Lingua:francese
Pubblicazione: Paris Dunod 2016
Edizione:4e éd.
Serie:Management SUP
Soggetti:
Tags: Aggiungi Tag
Nessun Tag, puoi essere il primo ad aggiungerne!!

MARC

LEADER 00000nam a2200000 4500
001 0235061
005 20240226124457.3
020 |a 978-2-10-074542-5 
041 0 |a fre 
044 |a FR 
245 1 0 |a Management des organisations  |b théories, concepts, performances  |c Jean-Michel Plane 
250 |a 4e éd. 
264 1 |a Paris  |b Dunod  |c 2016 
300 |a 311 s. 
490 1 |a Management SUP 
830 0 |a Management SUP 
610 2 0 |a riadenie podnikové 
610 2 0 |a riadenie personálne 
610 2 0 |a riadenie ľudských zdrojov 
100 1 |a Plane, Jean-Michel